[Event "Bad Wörishofen op 2012 28th"]
[Site "Bad Wörishofen (2.3.-10.3)"]
[Date "2012.03.05"]
[Round "4.56"]
[White "Goris, Ton"]
[Black "Schinnerl, Werner"]
[Result "0-1"]
[WhiteElo "1943"]
[BlackElo "1854"]
[PlyCount "38"]
[EventDate "2012.03.??"]
[EventType "swiss"]
[EventRounds "9"]
[EventCountry "GER"]
[SourceDate "2013.02.18"]
[WhiteTeam "NED/Niederlande"]
[BlackTeam "AUT/Reutte"]
[WhiteTeamCountry "NED"]
[BlackTeamCountry "AUT"]

1. e4 e5 2. Nf3 Nc6 3. d4 exd4 4. c3 Qe7 5. cxd4 Qxe4+ 6. Be3 Bb4+ 7. Nc3 Nf6
8. Bd3 Qe7 9. O-O Bxc3 10. bxc3 d5 11. Bg5 O-O 12. Re1 Qd6 13. Qb3 Ne7 14. Re3
c6 15. Rae1 Ng6 16. Ne5 b6 17. Rf3 Ne4 18. Nxg6 Nxg5 19. Rfe3 hxg6 0-1

[Event "Bad Wörishofen op 2012 28th"]
[Site "Bad Wörishofen (2.3.-10.3)"]
[Date "2012.03.05"]
[Round "4.57"]
[White "Koelbl, Jonathan"]
[Black "Blaeser, Romain"]
[Result "1/2-1/2"]
[WhiteElo "1848"]
[BlackElo "1869"]
[PlyCount "56"]
[EventDate "2012.03.??"]
[EventType "swiss"]
[EventRounds "9"]
[EventCountry "GER"]
[SourceDate "2013.02.18"]
[WhiteTeam "Klosterlechfeld SK"]
[BlackTeam "LUX/Luxemburg"]
[BlackTeamCountry "LUX"]

1. e4 g6 2. Nc3 Bg7 3. f4 c6 4. Bc4 b5 5. Bb3 b4 6. Nce2 d5 7. e5 Nh6 8. d4 O-O
9. h3 f6 10. Nf3 Ba6 11. a3 bxa3 12. Rxa3 Nf5 13. c4 fxe5 14. fxe5 Bxc4 15.
Bxc4 dxc4 16. Qc2 Qd5 17. Ra4 c5 18. O-O Nc6 19. Nf4 Nfxd4 20. Nxd5 Nxc2 21.
Rxc4 N2d4 22. Rxc5 Ne2+ 23. Kf2 Nxc1 24. Rfxc1 Nxe5 25. Nxe7+ Kh8 26. Rd1 Nxf3
27. gxf3 Rad8 28. Rxd8 Rxd8 1/2-1/2

[Event "Bad Wörishofen op 2012 28th"]
[Site "Bad Wörishofen (2.3.-10.3)"]
[Date "2012.03.05"]
[Round "4.58"]
[White "Wiessner, Johann"]
[Black "Harsch, Martin"]
[Result "0-1"]
[WhiteElo "1755"]
[BlackElo "1837"]
[PlyCount "146"]
[EventDate "2012.03.??"]
[EventType "swiss"]
[EventRounds "9"]
[EventCountry "GER"]
[SourceDate "2013.02.18"]
[WhiteTeam "Lechhausen SC"]
[BlackTeam "SUI/Schweiz"]
[BlackTeamCountry "SUI"]

1. d4 d5 2. c4 c6 3. Nf3 Nf6 4. g3 Bf5 5. Bg2 e6 6. Nc3 Bd6 7. O-O Nbd7 8. Nd2
O-O 9. e4 dxe4 10. Ndxe4 Nxe4 11. Nxe4 Be7 12. Bf4 Nf6 13. Nxf6+ Bxf6 14. Be5
Bxe5 15. dxe5 Bd3 16. Re1 Bxc4 17. Qh5 Bd5 18. Rad1 f5 19. exf6 Qxf6 20. Rd2 g6
21. Qh3 Rae8 22. b3 Qf7 23. Qh6 Re7 24. Qe3 Bxg2 25. Kxg2 a6 26. f4 Rfe8 27.
Qe5 Qf5 28. Ree2 Qxe5 29. Rxe5 Rc7 30. Rd6 Kf7 31. Kf3 Ree7 32. Re2 Rcd7 33.
Red2 Rxd6 34. Rxd6 e5 35. fxe5 Rxe5 36. Rd7+ Re7 37. Rd6 Rc7 38. Ke4 Ke7 39.
Rd2 Rd7 40. Re2 Kd6 41. Kd4 c5+ 42. Kc3 b5 43. Rf2 Kc6 44. Rf6+ Rd6 45. Rf7 h5
46. Rf8 Kd5 47. Rf2 Ke4 48. Rf8 Rc6 49. a3 Ke3 50. Rf7 c4 51. bxc4 Rxc4+ 52.
Kb3 Rc6 53. a4 bxa4+ 54. Kxa4 Ke4 55. Kb3 a5 56. Rf8 Rc5 57. Rf7 Rf5 58. Rg7 g5
59. Rh7 g4 60. Ka4 Kf3 61. Rc7 Kg2 62. Rc2+ Rf2 63. Rc5 Kxh2 64. Rxh5+ Kxg3 65.
Kxa5 Rb2 66. Rh8 Kg2 67. Ka4 g3 68. Rh7 Kf1 69. Rh1+ Kf2 70. Rh7 g2 71. Rf7+
Ke1 72. Rg7 Kf1 73. Rf7+ Rf2 0-1

[Event "Bad Wörishofen op 2012 28th"]
[Site "Bad Wörishofen (2.3.-10.3)"]
[Date "2012.03.05"]
[Round "4.59"]
[White "Van Eck, Ted"]
[Black "Klein, Reinhard"]
[Result "0-1"]
[WhiteElo "1691"]
[BlackElo "1752"]
[PlyCount "58"]
[EventDate "2012.03.??"]
[EventType "swiss"]
[EventRounds "9"]
[EventCountry "GER"]
[SourceDate "2013.02.18"]
[WhiteTeam "NED/Niederlande"]
[BlackTeam "München RTA"]
[WhiteTeamCountry "NED"]

1. e4 c5 2. Nf3 a6 3. Nc3 e6 4. a4 Qc7 5. Be2 Nc6 6. O-O Nf6 7. d4 cxd4 8. Nxd4
Bb4 9. Na2 Ba5 10. Nxc6 dxc6 11. b4 Bb6 12. Bb2 Nxe4 13. Qd3 Nxf2 14. Rxf2
Bxf2+ 15. Kxf2 O-O 16. g3 e5 17. Qe3 Re8 18. Bc4 Bf5 19. Bb3 Kh8 20. Nc3 Qe7
21. Ba3 Qf6 22. Kg2 Qg6 23. Rf1 f6 24. Bf7 Qxf7 25. Rxf5 Rad8 26. Rf1 Qc4 27.
Rf2 Qd4 28. Qf3 e4 29. Nxe4 Qxe4 0-1

[Event "Bad Wörishofen op 2012 28th"]
[Site "Bad Wörishofen (2.3.-10.3)"]
[Date "2012.03.05"]
[Round "4.60"]
[White "Mack, Thomas Dr(43)"]
[Black "Schreib, Marc"]
[Result "1/2-1/2"]
[WhiteElo "1906"]
[BlackElo "1741"]
[PlyCount "30"]
[EventDate "2012.03.??"]
[EventType "swiss"]
[EventRounds "9"]
[EventCountry "GER"]
[SourceDate "2013.02.18"]
[WhiteTeam "München Tarrasch SC"]
[BlackTeam "Deisenhofen SF"]

1. e4 c6 2. d4 d5 3. exd5 cxd5 4. Bd3 Nc6 5. c3 Nf6 6. Bf4 Bg4 7. Qb3 Qd7 8.
Nd2 e6 9. Ngf3 Bxf3 10. Nxf3 Bd6 11. Ne5 Qc7 12. O-O Nh5 13. g3 Nxf4 14. gxf4
Bxe5 15. fxe5 a6 1/2-1/2

[Event "Bad Wörishofen op 2012 28th"]
[Site "Bad Wörishofen (2.3.-10.3)"]
[Date "2012.03.05"]
[Round "4.61"]
[White "Auschkalnis, Reinhard"]
[Black "Valet, Richard"]
[Result "1/2-1/2"]
[WhiteElo "1696"]
[BlackElo "1938"]
[PlyCount "47"]
[EventDate "2012.03.??"]
[EventType "swiss"]
[EventRounds "9"]
[EventCountry "GER"]
[SourceDate "2013.02.18"]
[WhiteTeam "Bonn Beuel SC"]
[BlackTeam "Greifswalder SV"]

1. e4 c5 2. Nc3 Nc6 3. f4 g6 4. Nf3 Bg7 5. Bb5 Nd4 6. O-O Nxb5 7. Nxb5 a6 8.
Nc3 e6 9. Qe1 Ne7 10. d3 d5 11. e5 b5 12. a3 h5 13. h3 Qb6 14. Qf2 Rb8 15. Bd2
Bd7 16. b4 cxb4 17. Qxb6 Rxb6 18. axb4 Nf5 19. Ne2 f6 20. d4 h4 21. Kh2 Ke7 22.
c3 Ra8 23. Ra5 Bc8 24. Rfa1 1/2-1/2

[Event "Bad Wörishofen op 2012 28th"]
[Site "Bad Wörishofen (2.3.-10.3)"]
[Date "2012.03.05"]
[Round "4.62"]
[White "Von Saldern, Ruediger"]
[Black "Marzec, Witold"]
[Result "1/2-1/2"]
[WhiteElo "1905"]
[BlackElo "1729"]
[PlyCount "62"]
[EventDate "2012.03.??"]
[EventType "swiss"]
[EventRounds "9"]
[EventCountry "GER"]
[SourceDate "2013.02.18"]
[WhiteTeam "Starnberger See SF"]
[BlackTeam "Bonner SG "L""]

1. d4 d5 2. Nf3 e6 3. c4 c6 4. Nc3 Nf6 5. Bg5 Be7 6. e3 O-O 7. Bd3 h6 8. Bh4
Nbd7 9. O-O dxc4 10. Bxc4 b5 11. Bd3 Nd5 12. Nxd5 exd5 13. Bxe7 Qxe7 14. Rc1
Bb7 15. Qe2 f5 16. g3 g5 17. Rc3 a6 18. Rfc1 Rac8 19. a3 Kg7 20. b4 Qe6 21. Qc2
Rf6 22. a4 Rff8 23. axb5 cxb5 24. Rc7 Rxc7 25. Qxc7 Rc8 26. Qxb7 Rxc1+ 27. Kg2
Qd6 28. Qa8 Rc7 29. Qd8 Rc6 30. Qa8 Qe6 31. Qb7 Qd6 1/2-1/2

[Event "Bad Wörishofen op 2012 28th"]
[Site "Bad Wörishofen (2.3.-10.3)"]
[Date "2012.03.05"]
[Round "4.64"]
[White "Gerhards, Walter"]
[Black "Moors, Marc"]
[Result "0-1"]
[WhiteElo "1805"]
[BlackElo "1879"]
[PlyCount "90"]
[EventDate "2012.03.??"]
[EventType "swiss"]
[EventRounds "9"]
[EventCountry "GER"]
[SourceDate "2013.02.18"]
[WhiteTeam "Ratinger SK"]
[BlackTeam "Brasschaat SK"]

1. e4 d5 2. exd5 Qxd5 3. Nf3 Nf6 4. Be2 c5 5. O-O Nc6 6. b3 e6 7. Bb2 Be7 8. c4
Qd8 9. Qc1 Nd4 10. Nxd4 cxd4 11. d3 O-O 12. Bf3 e5 13. Nd2 Qc7 14. Ba3 Re8 15.
Re1 Bf5 16. Bxe7 Rxe7 17. Qb1 Qa5 18. Qc2 Rd8 19. a3 Qc3 20. Qxc3 dxc3 21. Ne4
Rxd3 22. Nc5 Rd2 23. Bxb7 e4 24. b4 Kf8 25. Bc6 Rd6 26. Ba4 Rd4 27. Bb3 Nd7 28.
Nxd7+ Rexd7 29. Rac1 Rd3 30. Kf1 R7d4 31. c5 c2 32. Bxc2 Rxa3 33. b5 Ra5 34. b6
axb6 35. cxb6 Ra8 36. b7 Rb8 37. Rb1 Rd7 38. Rb5 Bg6 39. Reb1 Ke7 40. R1b4 Kd8
41. Bb3 Rd2 42. Rd5+ Rxd5 43. Bxd5 f5 44. Rb6 Be8 45. Ra6 Bb5+ 0-1

[Event "Bad Wörishofen op 2012 28th"]
[Site "Bad Wörishofen (2.3.-10.3)"]
[Date "2012.03.05"]
[Round "4.65"]
[White "Gajewski, Richard"]
[Black "Straub, Hermann"]
[Result "0-1"]
[WhiteElo "1681"]
[BlackElo "1916"]
[PlyCount "62"]
[EventDate "2012.03.??"]
[EventType "swiss"]
[EventRounds "9"]
[EventCountry "GER"]
[SourceDate "2013.02.18"]
[WhiteTeam "Gunzenhausen FC"]
[BlackTeam "Frankenthal(Pfalz) SK"]

1. e4 b6 2. d4 Bb7 3. f3 e6 4. Be3 Nf6 5. Bd3 c5 6. c3 Be7 7. Nd2 Nc6 8. Ne2
Rc8 9. O-O d6 10. Qe1 cxd4 11. Nxd4 d5 12. Ne2 dxe4 13. Bc2 Nd5 14. Bd4 Nxd4
15. Nxd4 e3 16. Ne4 O-O 17. f4 Bh4 18. g3 Bf6 19. Rd1 Qe7 20. Qe2 Rfd8 21. Bb3
Bxd4 22. Rxd4 h6 23. f5 e5 24. Rxd5 Bxd5 25. f6 Qe6 26. fxg7 f5 27. Ng5 hxg5
28. Qh5 Kxg7 29. Qxg5+ Qg6 30. Qxe3 Bxb3 31. axb3 e4 0-1

[Event "Bad Wörishofen op 2012 28th"]
[Site "Bad Wörishofen (2.3.-10.3)"]
[Date "2012.03.05"]
[Round "4.66"]
[White "Wilke, Oliver"]
[Black "Buchaeckert, Juergen"]
[Result "0-1"]
[WhiteElo "1729"]
[BlackElo "1816"]
[PlyCount "58"]
[EventDate "2012.03.??"]
[EventType "swiss"]
[EventRounds "9"]
[EventCountry "GER"]
[SourceDate "2013.02.18"]
[WhiteTeam "Mörlenbach-Birkenau FB"]
[BlackTeam "Ludwigshafen 1912 SK"]

1. d4 Nf6 2. c4 g6 3. Nc3 d5 4. cxd5 Nxd5 5. e4 Nxc3 6. bxc3 Bg7 7. Be3 c5 8.
Qd2 Qa5 9. Rb1 a6 10. Rc1 cxd4 11. cxd4 Qxd2+ 12. Kxd2 O-O 13. Rc7 e6 14. Rc4
Nc6 15. Bd3 Bd7 16. Ne2 Rfc8 17. Rhc1 b5 18. R4c2 Bf8 19. d5 exd5 20. exd5 Nb4
21. Rc7 Nxd3 22. Kxd3 Bf5+ 23. Kd2 Bb4+ 24. Kd1 Rd8 25. Nc3 Bxc3 26. R1xc3
Rxd5+ 27. Kc1 Rad8 28. Ra7 Rd1+ 29. Kb2 Rb1+ 0-1

[Event "Bad Wörishofen op 2012 28th"]
[Site "Bad Wörishofen (2.3.-10.3)"]
[Date "2012.03.05"]
[Round "4.67"]
[White "Muench, Werner"]
[Black "Ranker, Klemens"]
[Result "0-1"]
[WhiteElo "1647"]
[BlackElo "1787"]
[PlyCount "72"]
[EventDate "2012.03.??"]
[EventType "swiss"]
[EventRounds "9"]
[EventCountry "GER"]
[SourceDate "2013.02.18"]
[WhiteTeam "Widdern SC"]
[BlackTeam "Hauptstuhl SC"]

1. d4 Nf6 2. c4 g6 3. Nc3 Bg7 4. Bg5 O-O 5. e3 d6 6. Bd3 c6 7. Nf3 Qb6 8. Qc2
Bg4 9. Nd2 e5 10. Bxf6 Bxf6 11. Nde4 Be7 12. dxe5 dxe5 13. O-O Be6 14. Na4 Qc7
15. c5 f5 16. Ng3 Nd7 17. Bc4 Bf7 18. b4 e4 19. Ne2 Ne5 20. Bxf7+ Rxf7 21. Nb2
Bf6 22. Rad1 Ng4 23. g3 Ne5 24. Nd4 Re8 25. Nc4 Nxc4 26. Qxc4 Qc8 27. Rd2 Kg7
28. Rfd1 Rfe7 29. a4 h5 30. Ne2 g5 31. Kg2 Be5 32. f4 exf3+ 33. Kxf3 Kg6 34.
Rd3 Bc7 35. Qb3 f4 36. gxf4 Qh3+ 0-1

[Event "Bad Wörishofen op 2012 28th"]
[Site "Bad Wörishofen (2.3.-10.3)"]
[Date "2012.03.05"]
[Round "4.68"]
[White "Spanton, Tim R"]
[Black "Reichenbacher, Gerhard"]
[Result "1/2-1/2"]
[WhiteElo "1961"]
[BlackElo "1733"]
[PlyCount "43"]
[EventDate "2012.03.??"]
[EventType "swiss"]
[EventRounds "9"]
[EventCountry "GER"]
[SourceDate "2013.02.18"]
[WhiteTeam "ENG/England"]
[BlackTeam "Coburger SV"]
[WhiteTeamCountry "ENG"]

1. e4 c5 2. Nf3 g6 3. d4 cxd4 4. Nxd4 Nc6 5. c4 Nf6 6. Nc3 Bg7 7. Be3 Nxd4 8.
Qxd4 Qa5 9. Be2 O-O 10. Qd2 d6 11. f3 Be6 12. Rc1 Rac8 13. b3 Nd7 14. Nd5 Qxd2+
15. Kxd2 Bxd5 16. exd5 f5 17. f4 Nc5 18. Bd3 Nxd3 19. Kxd3 b6 20. Rce1 Rc7 21.
Bd4 Bxd4 22. Kxd4 1/2-1/2

[Event "Bad Wörishofen op 2012 28th"]
[Site "Bad Wörishofen (2.3.-10.3)"]
[Date "2012.03.05"]
[Round "4.69"]
[White "Koch, Harald"]
[Black "Sakowski, Christian"]
[Result "1/2-1/2"]
[WhiteElo "1834"]
[BlackElo "1864"]
[PlyCount "52"]
[EventDate "2012.03.??"]
[EventType "swiss"]
[EventRounds "9"]
[EventCountry "GER"]
[SourceDate "2013.02.18"]
[WhiteTeam "Kissing SK"]
[BlackTeam "Türkheim/Wörishofen SC"]

1. c4 c5 2. Nf3 Nc6 3. g3 b6 4. Bg2 Bb7 5. O-O Nf6 6. Nc3 g6 7. Rb1 Bg7 8. a3
O-O 9. b4 d6 10. d3 e6 11. bxc5 dxc5 12. Bg5 h6 13. Bd2 Qe7 14. Nb5 Rfd8 15.
Qc1 Kh7 16. Bf4 Rd7 17. Ne5 Nxe5 18. Bxe5 Bxg2 19. Kxg2 Ne8 20. f4 f6 21. Bb2
Nc7 22. Nxc7 Rxc7 23. Qe3 Qd6 24. Bc3 Rd8 25. Qf3 Qc6 26. Qxc6 Rxc6 1/2-1/2

[Event "Bad Wörishofen op 2012 28th"]
[Site "Bad Wörishofen (2.3.-10.3)"]
[Date "2012.03.05"]
[Round "4.70"]
[White "Sibler, Sebastian"]
[Black "Walda, Michael"]
[Result "1-0"]
[WhiteElo "1895"]
[BlackElo "1831"]
[PlyCount "65"]
[EventDate "2012.03.??"]
[EventType "swiss"]
[EventRounds "9"]
[EventCountry "GER"]
[SourceDate "2013.02.18"]
[WhiteTeam "Mülheim-Nord SV"]
[BlackTeam "Niederräder TG"]

1. d4 Nf6 2. c4 e6 3. Nf3 d5 4. Bf4 c5 5. cxd5 Nxd5 6. Bxb8 Rxb8 7. e3 Qb6 8.
Nc3 Bd7 9. Bc4 cxd4 10. exd4 Qxb2 11. Nxd5 exd5 12. Bxd5 Bb4+ 13. Kf1 O-O 14.
Rb1 Qa3 15. Ne5 Bb5+ 16. Kg1 Rbc8 17. h4 Bd6 18. Nxf7 Rxf7 19. Bxf7+ Kxf7 20.
Qh5+ Kg8 21. Qxb5 Qxa2 22. Rh3 Kh8 23. Re3 Rf8 24. Re2 Qf7 25. Qxb7 Qf4 26. g3
Qxd4 27. Qe4 Qf6 28. Kg2 a5 29. Rb6 a4 30. Qd5 a3 31. Rxd6 Qc3 32. Rd8 Qb4 33.
Ree8 1-0

[Event "Bad Wörishofen op 2012 28th"]
[Site "Bad Wörishofen (2.3.-10.3)"]
[Date "2012.03.05"]
[Round "4.71"]
[White "Haugg, Gerhard(63)"]
[Black "Wieczorek(vm.Bruder), Heinz"]
[Result "1/2-1/2"]
[WhiteElo "1812"]
[BlackElo "1702"]
[PlyCount "38"]
[EventDate "2012.03.??"]
[EventType "swiss"]
[EventRounds "9"]
[EventCountry "GER"]
[SourceDate "2013.02.18"]
[WhiteTeam "Kötz/Ichenhausen Spgem"]
[BlackTeam "Nürnberg Süd SW"]

1. d4 Nf6 2. Nf3 c5 3. c3 e6 4. Bf4 Nc6 5. e3 d5 6. Be2 Be7 7. h3 O-O 8. O-O
Bd7 9. Nbd2 Rc8 10. Ne5 Nxe5 11. Bxe5 Ne4 12. Nxe4 dxe4 13. Qc2 f6 14. Bg3 cxd4
15. exd4 f5 16. Be5 Bc6 17. f3 Bf6 18. Bxf6 Qxf6 19. fxe4 Bxe4 1/2-1/2

[Event "Bad Wörishofen op 2012 28th"]
[Site "Bad Wörishofen (2.3.-10.3)"]
[Date "2012.03.05"]
[Round "4.72"]
[White "Ries, Heinz-Gerd Dr"]
[Black "Malzer, Werner"]
[Result "1/2-1/2"]
[WhiteElo "1740"]
[BlackElo "1837"]
[PlyCount "75"]
[EventDate "2012.03.??"]
[EventType "swiss"]
[EventRounds "9"]
[EventCountry "GER"]
[SourceDate "2013.02.18"]
[WhiteTeam "Muengersdorf SF"]
[BlackTeam "Kirchenlaibach TSV"]

1. d4 d5 2. c4 e6 3. Nf3 Nf6 4. Bg5 Be7 5. Nc3 O-O 6. e3 a6 7. a3 b6 8. Rc1 Bb7
9. Bd3 Nbd7 10. O-O c5 11. cxd5 Nxd5 12. Bxe7 Qxe7 13. Nxd5 exd5 14. Re1 c4 15.
Bf5 Nf6 16. Ne5 b5 17. g3 Bc8 18. Qc2 g6 19. Bxc8 Raxc8 20. Qe2 h5 21. Rc2 Kg7
22. h4 Ne4 23. Kg2 Rc7 24. Rec1 Rfc8 25. Qe1 f6 26. Nf3 c3 27. b4 a5 28. Rb1
Ra8 29. Qc1 Rc4 30. bxa5 Rxa5 31. Ne1 Nd2 32. Rb4 Rxb4 33. axb4 Qxb4 34. Rxc3
Nc4 35. Nd3 Qe7 36. Nc5 Qa7 37. Qb1 Kf8 38. Qb4 1/2-1/2

[Event "Bad Wörishofen op 2012 28th"]
[Site "Bad Wörishofen (2.3.-10.3)"]
[Date "2012.03.05"]
[Round "4.73"]
[White "Dietsche, Birgit"]
[Black "Tichacek, Alois"]
[Result "0-1"]
[WhiteElo "1305"]
[BlackElo "1559"]
[PlyCount "50"]
[EventDate "2012.03.??"]
[EventType "swiss"]
[EventRounds "9"]
[EventCountry "GER"]
[SourceDate "2013.02.18"]
[WhiteTeam "DBSB (Blindenschachbund)"]
[BlackTeam "Marktoberdorf SK"]

1. d4 d5 2. Bf4 Nf6 3. e3 g6 4. h3 Bg7 5. Nf3 Nbd7 6. Nbd2 c5 7. c3 a6 8. a4 b6
9. Ne5 Nxe5 10. Bxe5 O-O 11. Bd3 Nd7 12. Bxg7 Kxg7 13. Nf3 f6 14. g4 e5 15.
dxe5 fxe5 16. e4 c4 17. Be2 dxe4 18. Nd2 e3 19. Nf3 exf2+ 20. Kxf2 Qf6 21. g5
Qxg5 22. Rg1 Qh4+ 23. Rg3 Nc5 24. Qd5 Ne4+ 25. Ke3 Qf4# 0-1

[Event "Bad Wörishofen op 2012 28th"]
[Site "Bad Wörishofen (2.3.-10.3)"]
[Date "2012.03.05"]
[Round "4.74"]
[White "Bauder, Herbert"]
[Black "Herrmann, Matthias(07.62)"]
[Result "1-0"]
[WhiteElo "1838"]
[BlackElo "1775"]
[PlyCount "127"]
[EventDate "2012.03.??"]
[EventType "swiss"]
[EventRounds "9"]
[EventCountry "GER"]
[SourceDate "2013.02.18"]
[WhiteTeam "Berlin Lasker Steglitz SG"]
[BlackTeam "Karlsbad SF"]

1. d4 d5 2. c4 c6 3. Nf3 Nf6 4. Nc3 dxc4 5. a4 Bf5 6. Ne5 e6 7. Nxc4 Qc7 8. f3
Bb4 9. e4 Bg6 10. Be3 O-O 11. Qb3 Bxc3+ 12. bxc3 Nbd7 13. Be2 Rfb8 14. Qa3 b5
15. Nb2 a5 16. Nd3 e5 17. O-O Ne8 18. Rab1 f6 19. dxe5 fxe5 20. Nc5 Nxc5 21.
Bxc5 bxa4 22. Qxa4 Bf7 23. Bc4 Bxc4 24. Qxc4+ Qf7 25. Qa4 Qc7 26. Rb3 Rxb3 27.
Qxb3+ Qf7 28. Qxf7+ Kxf7 29. Kf2 a4 30. Ra1 g5 31. Ke3 Ke6 32. Kd3 Nd6 33. c4
h6 34. Kc3 Ra5 35. Bxd6 Kxd6 36. Kb4 Ra8 37. c5+ Kc7 38. Rxa4 Rb8+ 39. Kc3 Rb5
40. Kc4 Rb2 41. Ra7+ Kd8 42. Rh7 h5 43. Rxh5 Rxg2 44. Rh6 Kd7 45. Rd6+ Kc7 46.
Re6 Rc2+ 47. Kb4 Rb2+ 48. Kc3 Rxh2 49. Rxe5 Rh3 50. Rxg5 Rxf3+ 51. Kd4 Rf7 52.
Ke5 Rd7 53. Rg6 Re7+ 54. Kf5 Rf7+ 55. Rf6 Rh7 56. Ke5 Re7+ 57. Kd4 Kd7 58. Rd6+
Kc7 59. Rf6 Kd7 60. Rf4 Ke6 61. e5 Rh7 62. Rg4 Rh6 63. Ke4 Rh5 64. Rg6+ 1-0

[Event "Bad Wörishofen op 2012 28th"]
[Site "Bad Wörishofen (2.3.-10.3)"]
[Date "2012.03.05"]
[Round "4.75"]
[White "Roth, Martin(66)"]
[Black "Lindenmair, Anton"]
[Result "1/2-1/2"]
[WhiteElo "2070"]
[BlackElo "1975"]
[PlyCount "24"]
[EventDate "2012.03.??"]
[EventType "swiss"]
[EventRounds "9"]
[EventCountry "GER"]
[SourceDate "2013.02.18"]
[WhiteTeam "Laupheim SC"]
[BlackTeam "DBSB (Blindenschachbund)"]

1. e4 e5 2. Nf3 Nf6 3. d4 Nxe4 4. Bd3 d5 5. Nxe5 Nd7 6. Nxd7 Bxd7 7. O-O Bd6 8.
Nd2 O-O 9. Nxe4 dxe4 10. Bxe4 Bxh2+ 11. Kxh2 Qh4+ 12. Kg1 Qxe4 1/2-1/2

[Event "Bad Wörishofen op 2012 28th"]
[Site "Bad Wörishofen (2.3.-10.3)"]
[Date "2012.03.05"]
[Round "4.76"]
[White "Pohlers, Juergen"]
[Black "Klamp, Christoph"]
[Result "0-1"]
[WhiteElo "1875"]
[BlackElo "2024"]
[PlyCount "44"]
[EventDate "2012.03.??"]
[EventType "swiss"]
[EventRounds "9"]
[EventCountry "GER"]
[SourceDate "2013.02.18"]
[WhiteTeam "Leipzig Allianz BSV(DBSB)"]
[BlackTeam "Darmstadt Schachforum SV"]

1. d4 f5 2. e4 fxe4 3. Nc3 Nf6 4. Bg5 Nc6 5. f3 d5 6. Bb5 a6 7. Bxc6+ bxc6 8.
Bxf6 exf6 9. fxe4 dxe4 10. Nxe4 Qd5 11. Qe2 Be7 12. Nf3 O-O 13. Nc3 Bb4 14. O-O
Bxc3 15. bxc3 Bg4 16. h3 Bh5 17. Qd2 Rae8 18. g4 Bg6 19. Rf2 Re7 20. Re2 Rxe2
21. Qxe2 Re8 22. Qf1 Re3 0-1

[Event "Bad Wörishofen op 2012 28th"]
[Site "Bad Wörishofen (2.3.-10.3)"]
[Date "2012.03.05"]
[Round "4.77"]
[White "Weisenburger, Horst"]
[Black "Schellmann, Frank"]
[Result "1-0"]
[WhiteElo "2100"]
[BlackElo "2004"]
[PlyCount "55"]
[EventDate "2012.03.??"]
[EventType "swiss"]
[EventRounds "9"]
[EventCountry "GER"]
[SourceDate "2013.02.18"]
[WhiteTeam "Böblingen SC"]
[BlackTeam "Halle Einheit SC"]

1. f4 d5 2. Nf3 g6 3. g3 Bg7 4. Bg2 Nf6 5. O-O O-O 6. d3 Nc6 7. Nc3 d4 8. Ne4
Nd5 9. Bd2 f5 10. Neg5 h6 11. Nh3 Qd6 12. Qc1 Kh7 13. c4 dxc3 14. bxc3 Nf6 15.
Rb1 Ng4 16. d4 Rd8 17. e3 Rb8 18. d5 Na5 19. c4 Qa6 20. Qa3 b6 21. Bxa5 Qxc4
22. Qxe7 Rd7 23. Qa3 Bb7 24. Rfc1 Qe2 25. Re1 Qc4 26. Rbc1 Qb5 27. Bc3 Bf8 28.
Qxa7 1-0

[Event "Bad Wörishofen op 2012 28th"]
[Site "Bad Wörishofen (2.3.-10.3)"]
[Date "2012.03.05"]
[Round "4.78"]
[White "Kottenhoff, Roland"]
[Black "Ellinger, Peter"]
[Result "0-1"]
[WhiteElo "1806"]
[BlackElo "1923"]
[PlyCount "50"]
[EventDate "2012.03.??"]
[EventType "swiss"]
[EventRounds "9"]
[EventCountry "GER"]
[SourceDate "2013.02.18"]
[WhiteTeam "Bad Salzig Sfr."]
[BlackTeam "Lister Turm SK(DBSB)"]

1. e4 e5 2. Nf3 Nc6 3. Bc4 Nf6 4. d3 Be7 5. c3 d6 6. h3 O-O 7. Qe2 Na5 8. Bb5
c6 9. Ba4 b5 10. Bc2 c5 11. O-O Nc6 12. Rd1 Qb6 13. Nbd2 a5 14. Nf1 Re8 15. Ng3
g6 16. Be3 d5 17. d4 dxe4 18. Nxe4 cxd4 19. cxd4 Nd5 20. Bb3 Nxe3 21. Qxe3 Bf5
22. Nc5 a4 23. Bxf7+ Kxf7 24. Nxe5+ Nxe5 25. Qxe5 Qc6 0-1

[Event "Bad Wörishofen op 2012 28th"]
[Site "Bad Wörishofen (2.3.-10.3)"]
[Date "2012.03.05"]
[Round "4.79"]
[White "Steinhart, Matthias"]
[Black "Lampert, Joshua"]
[Result "1/2-1/2"]
[WhiteElo "1586"]
[BlackElo "1504"]
[PlyCount "62"]
[EventDate "2012.03.??"]
[EventType "swiss"]
[EventRounds "9"]
[EventCountry "GER"]
[SourceDate "2013.02.18"]
[WhiteTeam "DBSB (Blindenschachbund)"]
[BlackTeam "Hamburger SK"]

1. e4 e5 2. Nf3 Nc6 3. Bb5 a6 4. Ba4 Nf6 5. d4 exd4 6. O-O Be7 7. e5 Nd5 8. c3
b5 9. Bb3 Nb6 10. cxd4 O-O 11. d5 Na5 12. d6 cxd6 13. exd6 Bf6 14. Bc2 Nac4 15.
Nc3 b4 16. Nd5 Nxb2 17. Bxb2 Bxb2 18. Rb1 Bf6 19. Rxb4 Nxd5 20. Qxd5 a5 21.
Qxa8 axb4 22. Qe4 g6 23. Qxb4 Ba6 24. Rb1 Re8 25. Qb6 Qc8 26. Qc7 Kg7 27. Ba4
Rd8 28. Qxc8 Rxc8 29. Bxd7 Rd8 30. Bb5 Bxb5 31. Rxb5 Rxd6 1/2-1/2

[Event "Bad Wörishofen op 2012 28th"]
[Site "Bad Wörishofen (2.3.-10.3)"]
[Date "2012.03.05"]
[Round "4.80"]
[White "Dahmen, Juergen"]
[Black "Wiesbeck, Florian"]
[Result "1/2-1/2"]
[WhiteElo "1674"]
[BlackElo "1615"]
[PlyCount "36"]
[EventDate "2012.03.??"]
[EventType "swiss"]
[EventRounds "9"]
[EventCountry "GER"]
[SourceDate "2013.02.18"]
[WhiteTeam "Wolfbusch SV"]
[BlackTeam "AUT/Österreich"]
[BlackTeamCountry "AUT"]

1. c4 Nf6 2. Nc3 c5 3. g3 e6 4. Bg2 d5 5. cxd5 exd5 6. Qb3 c4 7. Qc2 Nc6 8. a3
Nd4 9. Qd1 Bf5 10. d3 Nb3 11. Rb1 h6 12. Nf3 Bc5 13. O-O O-O 14. Na4 Bd6 15.
Be3 Re8 16. Nd4 Nxd4 17. Bxd4 cxd3 18. exd3 Be5 1/2-1/2

[Event "Bad Wörishofen op 2012 28th"]
[Site "Bad Wörishofen (2.3.-10.3)"]
[Date "2012.03.05"]
[Round "4.82"]
[White "Taufratshofer, Martin"]
[Black "De Luna Butz, Alberto"]
[Result "1/2-1/2"]
[WhiteElo "1854"]
[BlackElo "1663"]
[PlyCount "57"]
[EventDate "2012.03.??"]
[EventType "swiss"]
[EventRounds "9"]
[EventCountry "GER"]
[SourceDate "2013.02.18"]
[WhiteTeam "Obergünzburg SC"]
[BlackTeam "ESP/Spanien"]
[BlackTeamCountry "ESP"]

1. Nf3 d5 2. g3 Nf6 3. Bg2 c6 4. O-O Bf5 5. d3 Nbd7 6. Nbd2 e5 7. Qe1 Bd6 8. e4
Be6 9. Ng5 Bg4 10. exd5 cxd5 11. c4 h6 12. Ngf3 Be6 13. b3 O-O 14. Bb2 d4 15.
Ne4 Nxe4 16. Qxe4 Qc7 17. Qe2 Rae8 18. Nd2 Nc5 19. Ne4 Nxe4 20. Qxe4 b6 21. Qb7
Bg4 22. Qxc7 Bxc7 23. Ba3 Be2 24. Rfe1 Bxd3 25. Be4 Bxe4 26. Bxf8 Bf3 27. Bb4
e4 28. Bd2 f5 29. a4 1/2-1/2